| 000 | 01044nam a2200253Ia 4500 | ||
|---|---|---|---|
| 999 |
_c36379 _d36379 |
||
| 001 | 2292 | ||
| 003 | GE_BSU | ||
| 005 | 20201015131658.0 | ||
| 008 | 181216s2011||||ge |||||||||||||| ||geo|| | ||
| 020 | _a978994103372 | ||
| 040 | _cGE_BSU | ||
| 041 | _ageo | ||
| 080 | _a343 | ||
| 100 |
_aლომსაძე, მალხაზ. _9562 |
||
| 245 |
_aსისხლის სამართლის პროცესი / _cმალხაზ ლომსაძე |
||
| 250 | _aმე–2 გამოც. | ||
| 264 |
_aთბილისი : _bბონა–კაუზა, _c2011. |
||
| 300 |
_a311გვ.; _b20სმ. |
||
| 490 | _aიურისტის ბიბლიოთეკა | ||
| 500 | _aეძღვნება საქ. ტერიტ. მთლიანობისათვის დაღუპულ შსს აკად. კურსანტთა ხსოვნას. | ||
| 653 | _aსამართალი | ||
| 653 | _aსისხლის სამართალი | ||
| 942 |
_cBK _2udc |
||